000 00333nam a2200121 i 4500
001 bg
245 0 _aIV Konferencja dydaktyczna.Studia indywidualne i indywidualizacja w procesie dydaktyczno-wychowawczym..
260 _aLublin,
_c1988.
040 _cBPK
041 _apol
942 _cKS
008 s pl f |000 0 pol
999 _c28995
_d28995
856 _uhttp://koha.tu.koszalin.pl/cgi-bin/koha/opac-detail.pl?biblionumber=28995
_yKatalog online BPK